Diario de Campo : época 2, número 6, 2011 /

Guardado en:
Detalles Bibliográficos
Otros autores: Barriga, Francisco (dirección) (dirección)
Formato: Libro
Idioma:Español
Publicado: México : INAH, 2011
Colección:(Diario de Campo ; 2/6)
Temas:
Etiquetas: Agrega una etiqueta
Sin etiquetas, Sé el primero en etiquetar este registro!

MARC

LEADER 00000nam^a2200000^a^4500
001 000631643
005 20260514000000.0
009 20260526154610.909
022 |a 2007-6851 
037 |a Acervo ITESO - Biblioteca 
041 |a GRA 
041 |a ESP 
082 |a 300. 5  |b DIA S. 2 V. 6 
240 1 1 |a [Diario de Campo] 
245 0 0 |a Diario de Campo :  |b época 2, número 6, 2011 /  |c Dir. de F. Barriga. 
264 1 |a México :  |b INAH,  |c 2011 
300 |a 111 p. 
336 |a texto  |b txt  |2 rdacontenido 
337 |a sin mediación  |b n  |2 rdamedio 
338 |a volumen  |b nc  |2 rdasoporte 
440 1 |a (Diario de Campo ;  |v 2/6) 
546 |a Edición gráfica con texto en español 
649 |a XX 
650 |a Antropología -  |x Publicaciones Periódicas -  |x Tema Principal 
650 |a Publicaciones Periódicas Mexicanas 
650 |a Publicaciones Periódicas 
700 |a Barriga, Francisco  |e (dirección) 
910 |a Fondo Castillo-Martínez 
920 |a Impresos - Libros 
930 |a Fondos Especiales 
905 |a 127 
901 |a 631751-10  |b IT2  |c ESP  |i D125003  |u 20260514 
902 |a https://opac.biblio.iteso.mx/vufind/Record/000631643